Financial services in India/ (Record no. 12315)

MARC details
000 -LEADER
fixed length control field 00694nam a22002177a 4500
005 - DATE AND TIME OF LATEST TRANSACTION
control field 20260309074230.0
008 - FIXED-LENGTH DATA ELEMENTS--GENERAL INFORMATION
fixed length control field 260309b |||||||| |||| 00| 0 eng d
020 ## - INTERNATIONAL STANDARD BOOK NUMBER
International Standard Book Number 9789381695432
040 ## - CATALOGING SOURCE
Original cataloging agency IN-DiNC
Transcribing agency IN-DiNC
041 ## - LANGUAGE CODE
Language code of sung or spoken text English
082 ## - DEWEY DECIMAL CLASSIFICATION NUMBER
Classification number 657.3
Item number CHA
100 ## - MAIN ENTRY--PERSONAL NAME
Personal name Chaudhury, Suman Kalyan
Relator term Author
245 ## - TITLE STATEMENT
Title Financial services in India/
Statement of responsibility, etc. by Suman Kalyan Chaudhury, Santanu Kuma Das and Chandra Sekhar Pattnaik
250 ## - EDITION STATEMENT
Edition statement 1st ed.
260 ## - PUBLICATION, DISTRIBUTION, ETC.
Place of publication, distribution, etc. New Delhi:
Name of publisher, distributor, etc. Global Academic publishers & distributors,
Date of publication, distribution, etc. 2017.
300 ## - PHYSICAL DESCRIPTION
Extent 336p.
650 ## - SUBJECT ADDED ENTRY--TOPICAL TERM
Topical term or geographic name entry element Indian financial services
700 ## - ADDED ENTRY--PERSONAL NAME
Personal name Das, Santanu Kuma
Relator term Author
700 ## - ADDED ENTRY--PERSONAL NAME
Personal name Pattnaik, Chandra Sekhar
Relator term Author
942 ## - ADDED ENTRY ELEMENTS (KOHA)
Source of classification or shelving scheme Dewey Decimal Classification
Koha item type Books
Holdings
Withdrawn status Lost status Source of classification or shelving scheme Damaged status Not for loan Collection code Home library Current library Shelving location Date acquired Total Checkouts Full call number Barcode Date last seen Copy number Price effective from Koha item type
    Dewey Decimal Classification     Commerce Central Library, Naharkatiya College Central Library, Naharkatiya College General Stacks 09/03/2026   657.3 CHA 26988 09/03/2026 1 09/03/2026 Books

Naharkatiya College © 2020. All rights reserved.

Powered By